000
00213nam a22000857a 4500
008
170601b xxu||||| |||| 00| 0 eng d
100
_9
3191
_a
Shivkumar. K
245
_a
Krishna and Sudama
260
_a
New Delhi
_b
CBT
_c
2001
999
_c
6494
_d
6494